LEADER 01246nam a2200289 a 4500 001 000000143369 003 CaOOAMICUS 005 20150518155934.0 008 150518s2014 it b u000 u ita r 040 $aPUL$bita 082 04$a346.45 100 1 $aBianca, Massimo Cesare.$0(OLS)http://pul/name/66378 245 10$aIstituzioni di diritto privato /$cC.Massimo Bianca; con la collaborazione di Mirzia Bianca. 260 $aPadova :$bCEDAM,$c©2014. 300 $axxx, 955 p.$c24 cm 500 $aInclude indici. 504 $aBibliografia in nota. 650 4$aDiritto privato$zItalia.$0(OLS)http://pul/subject/1235 850 $aPUL 852 $aPUL$W1$xDP2 Diritto e Scienze Sociali 3$y110$m346. 45 BIAMA 2$j165501$qDDC 21$B165766$CPULBib$Z2$F165766 $H125765 $82 852 $aPUL$W1$xDP2 Diritto e Scienze Sociali 3$y110$m346. 45 BIAMA 2B$j165502$qDDC 21$B165767$CPULBib$Z2$F165767 $H125764 $82 900 $aBianca, Cesare Massimo$966378 941 1 $a9 996 $6082$a346.45$9(OLS)http://pul/classification/372 996 $6245$aIstituzioni di diritto privato$9(OLS)http://pul/title/53737 996 $6260$aPadova :$bCEDAM$9(OLS)http://pul/publisher/48126 LEADER 01135nam a2200289 a 4500 001 000000152982 003 CaOOAMICUS 005 20160718150650.0 008 160718s2003 it u000 u ita u 020 $a88-14-13714-5 032 $aLibriCat 040 $aPUL$bita 100 1 $aBerlingò, Salvatore.$0(OLS)http://pul/name/23497 245 10$aCodice del diritto ecclesiastico /$cSalvatore Berlingò, Casuscelli Giuseppe. 250 $aQuarta edizione. 260 $aMilano :$bGiuffrè,$c©2003. 300 $aXVII, 862 p. ;$c17 cm. 500 $aIndice: p. [811]-862. 650 4$aDiritto ecclesiastico$xLegislazione.$0(OLS)http://pul/subject/40994 700 1 $aCasuscelli, Giuseppe.$0(OLS)http://pul/name/27321 850 $aPUL 852 $aPUL$W1$xDP1 Fondo G. Barberini$y122$m3 B 19$j115078$qFondi$B178532$CPULBib$Z2$F178532 $HBar1262 $81 941 1 $a1 996 $6020$a88-14-13714-5$9(OLS)http://pul/number/136732 996 $6245$aCodice del diritto ecclesiastico$9(OLS)http://pul/title/49223 996 $6260$aMilano :$bGiuffrè$9(OLS)http://pul/publisher/48401